|
|
|
|
| LEADER |
03004nam a2200469 4500 |
| 001 |
978-3-030-23410-2 |
| 003 |
DE-He213 |
| 005 |
20191220130329.0 |
| 007 |
cr nn 008mamaa |
| 008 |
190814s2019 gw | s |||| 0|eng d |
| 020 |
|
|
|a 9783030234102
|9 978-3-030-23410-2
|
| 024 |
7 |
|
|a 10.1007/978-3-030-23410-2
|2 doi
|
| 040 |
|
|
|d GrThAP
|
| 050 |
|
4 |
|a BJ
|
| 072 |
|
7 |
|a HPQ
|2 bicssc
|
| 072 |
|
7 |
|a PHI005000
|2 bisacsh
|
| 072 |
|
7 |
|a QDTQ
|2 thema
|
| 082 |
0 |
4 |
|a 170
|2 23
|
| 100 |
1 |
|
|a Kulp, Christopher B.
|e author.
|4 aut
|4 http://id.loc.gov/vocabulary/relators/aut
|
| 245 |
1 |
0 |
|a Metaphysics of Morality
|h [electronic resource] /
|c by Christopher B. Kulp.
|
| 250 |
|
|
|a 1st ed. 2019.
|
| 264 |
|
1 |
|a Cham :
|b Springer International Publishing :
|b Imprint: Palgrave Macmillan,
|c 2019.
|
| 300 |
|
|
|a XI, 268 p. 1 illus.
|b online resource.
|
| 336 |
|
|
|a text
|b txt
|2 rdacontent
|
| 337 |
|
|
|a computer
|b c
|2 rdamedia
|
| 338 |
|
|
|a online resource
|b cr
|2 rdacarrier
|
| 347 |
|
|
|a text file
|b PDF
|2 rda
|
| 505 |
0 |
|
|a Chapter 1: Why Metaphysics and Morality? -- Chapter 2: Ordinary Morality and Its Detractors -- Chapter 3: Propositions and the First-Order Moral -- Chapter 4: Truth, Facts, and Properties -- Chapter 5: Moral Properties -- Chapter 6: The Metaphysics of Moral Reality.
|
| 520 |
|
|
|a This is a book on metaethics-in particular, an inquiry into the metaphysical foundations of morality. After carefully exploring the metaphysical commitments, or lack thereof, of the leading versions of moral anti-realism, Kulp develops a new and in-depth theory of moral realism. Starting with the firm recognition of the importance of our common sense belief that we possess a great deal of moral knowledge-that, for example, some acts are objectively right and some objectively wrong-the book goes on to examine the metaphysical grounds of various skeptical responses to this perspective. In great part, the book is devoted to developing a version of realist metaethics: specifically, developing in detail realist theories of moral truth, moral facts, and moral properties.Concluding with the rejection of prominent contemporary forms of moral anti-realism, Kulp presents a rigorous non-naturalistic theory of moral realism, and a vindication of the basic commitments of commonsense moral thought.
|
| 650 |
|
0 |
|a Ethics.
|
| 650 |
|
0 |
|a Metaphysics.
|
| 650 |
1 |
4 |
|a Moral Philosophy.
|0 http://scigraph.springernature.com/things/product-market-codes/E41000
|
| 650 |
2 |
4 |
|a Metaphysics.
|0 http://scigraph.springernature.com/things/product-market-codes/E18000
|
| 650 |
2 |
4 |
|a Ethics.
|0 http://scigraph.springernature.com/things/product-market-codes/E14000
|
| 710 |
2 |
|
|a SpringerLink (Online service)
|
| 773 |
0 |
|
|t Springer eBooks
|
| 776 |
0 |
8 |
|i Printed edition:
|z 9783030234096
|
| 776 |
0 |
8 |
|i Printed edition:
|z 9783030234119
|
| 776 |
0 |
8 |
|i Printed edition:
|z 9783030234126
|
| 856 |
4 |
0 |
|u https://doi.org/10.1007/978-3-030-23410-2
|z Full Text via HEAL-Link
|
| 912 |
|
|
|a ZDB-2-REP
|
| 950 |
|
|
|a Religion and Philosophy (Springer-41175)
|